Heroes and Villains by First Names Quiz Stats

 Plays Quiz Updated May 12, 2019

Score 0/18 Timer 03:00
13 Plays Today
% Correct
CLARK Kent
(Superman)
96.1%
PETER Parker
(Spider-Man)
95.5%
BRUCE Wayne
(Batman)
94.2%
TONY Stark
(Iron Man)
93.4%
DIANA Prince
(Wonder Woman)
92.3%
Dr. HARLEEN Quinzel
(Harley Quinn)
91.4%
SUSAN Storm-Richards
(Invisible Woman)
89.9%
SELINA Kyle
(Catwoman)
87.7%
STEVE Rogers
(Captain America)
87.6%
% Correct
BOB Parr
(Mr. Incredible)
87.3%
HARVEY Dent
(Two-Face)
85.7%
CHARLES Xavier
(Professor X)
85%
DICK Grayson
(Robin)
81.9%
WADE Wilson
(Deadpool)
80.3%
BARRY Allen
(The Flash)
79.2%
BEN Grimm
(The Thing)
79%
HAL Jordan
(Green Lantern)
74.1%
ARTHUR Curry
(Aquaman)
72.2%

You're not logged in!

Compare scores with friends on all Sporcle quizzes.
OR
Log In

Sporcle TV

Today on Sporcle TV


Watch our educational content, quiz creation guides, and fun videos on Sporcle TV.

Show Comments

Extras

Top Quizzes Today


Score Distribution

Your Account Isn't Verified!

In order to create a playlist on Sporcle, you need to verify the email address you used during registration. Go to your Sporcle Settings to finish the process.

Report this User

Report this user for behavior that violates our Community Guidelines.

Details: